00381 a2200157 4500003000400000005001700004008004100021020001800062040000900080082001700089100001900106245004400125250000900169260003500178300001000213OSt20230819095930.0230819b |||||||| |||| 00| 0 eng d a9789389538335 coclc a658.8bSAX/M aSaxena, Rajan  aMARKETING MANAGEMENT / cRajan Saxena a6ED  aChennai:bMc Graw Hill,c2020. a746 p